| 000 | 00988nam a2200361 a 4500 | ||
|---|---|---|---|
| 003 | AR-BaBNM | ||
| 005 | 20251128210738.0 | ||
| 008 | 082120s2002 ||||||||||||||000 | spa|| | ||
| 020 | _a980-6401-44-1 | ||
| 040 | _cAR-BaBNM | ||
| 100 | 1 | _aMaimon, Daila | |
| 245 | 0 | 0 | _aThe greening of brazilian business |
| 260 |
_aParis _bUnesco _bEPD _c1999 |
||
| 300 | _a160 p. | ||
| 500 | _aContiene referencias bibliográficas | ||
| 650 | 4 | _aECONOMIA | |
| 650 | 4 | _aDESARROLLO ECONOMICO | |
| 650 | 4 | _aPOLITICA ECONOMICA | |
| 650 | 4 | _aECOLOGIA | |
| 650 | 4 | _aETICA | |
| 650 | 4 | _aCOMERCIO | |
| 650 | 4 | _aDEMOGRAFIA | |
| 651 | 4 | _aBrasil | |
| 653 | _aDESARROLLO SUSTENTABLE | ||
| 653 | _aGLOBALIZACION | ||
| 653 | _aECONOMIA POLITICA | ||
| 700 | 1 | _aLustoso, MarÃa Cecilia | |
| 700 | 1 |
_aBazon, Christine _etraductor |
|
| 700 | 1 |
_aClayson, Alison McKelvey _etraductor |
|
| 710 | 2 | _aTransdisciplinary Project Education for a Sustainable Future | |
| 942 | _cBK | ||
| 998 | _cMARTIN | ||
| 999 |
_c16715 _d16715 |
||